Megvan az alapítvány, a restaurátor, a helyszín Újabb kör a körkép körül /
Elmentve itt :
| Szerző: | |
|---|---|
| Dokumentumtípus: | Cikk |
| Megjelent: |
1989-12-07
|
| Sorozat: | Délmagyarország
79 No. 290 |
| Kulcsszavak: | Feszty Árpád |
| Online Access: | http://dmarchiv.bibl.u-szeged.hu/93744 |
| LEADER | 00508nab a2200157 i 4500 | ||
|---|---|---|---|
| 001 | delm93744 | ||
| 005 | 20190920095920.0 | ||
| 008 | 190920s1989 hu o 0|| hun d | ||
| 040 | |a SZTE Délmagyarország Archívum |b hun | ||
| 041 | |a hun | ||
| 100 | 1 | |a Pacsika Emília | |
| 245 | 1 | 0 | |a Megvan az alapítvány, a restaurátor, a helyszín |h [elektronikus dokumentum] : |b Újabb kör a körkép körül / |c Pacsika Emília |
| 260 | |c 1989-12-07 | ||
| 300 | |a 1 | ||
| 490 | 0 | |a Délmagyarország |v 79 No. 290 | |
| 695 | |a Feszty Árpád | ||